| 000 | 00384nam a22001337a 4500 | ||
|---|---|---|---|
| 040 | _cNUST | ||
| 082 | _a200 THE | ||
| 100 |
_aHassan Ullah _9113788 |
||
| 110 |
_aSupervisor Dr. Umar Shahbaz Khan _9101876 |
||
| 245 | _aTH-SOF-2170-Design of a Robotic Leg for a Four-Legged Mule Robot | ||
| 260 |
_aISLAMABAD: _bNUST COLLEGE OF EME, _c2023. |
||
| 650 | _aMS-MTS-19 | ||
| 942 |
_2ddc _cTHE |
||
| 999 |
_c595321 _d595321 |
||